Statystyki dla 200 największych kanałów na polskim youtube!

Kliknij tutaj aby rozwiązać quiz!

Ogólne statystyki

  • Ten quiz został rozwiązany 1 551 razy
  • Średni wynik to 32 z 200

Statystyki odpowiedzi

Odpowiedź% Poprawnych
Blowek
89%
Friz
87%
Stuu
79%
reZigiusz
76%
Tromba
62%
WERSOW
62%
AbstrachujeTV
60%
SA Wardega
56%
Tomasz 'Gimper' Działowy
56%
Mandzio
55%
Naruciak
55%
MINI MAJK
48%
IsAmU
47%
Kamerzysta
45%
TheNitroZyniak
45%
BEKSY
43%
izakLIVE
43%
Marcin Dubiel
43%
BOXDEL
38%
5 sposobów na...
36%
Boruciak
36%
MULTI
36%
Planeta Faktów
35%
Karolek
34%
Mniej Więcej
32%
ROJSON
31%
Step Records
31%
WAKSY
31%
JDabrowsky
30%
skkf
29%
SBM Label
28%
Agnieszka Grzelak Vlog
27%
Dominik Łupicki
27%
Kaluch
27%
Lekko Nie Będzie
27%
Mixer
27%
QueQuality
27%
Vito Minecraft
27%
Red Lipstick Monster
26%
Remigiusz Maciaszek
26%
Ponki
25%
DeeJayPallaside
24%
Lachu
24%
NIEPRZYGOTOWANI: Nowe Pokolenie
24%
Szparagi
24%
THEUNBOXALL
24%
Poszukiwacz
23%
Wojan
23%
Agnieszka Grzelak Beauty
22%
Cyber Marian
22%
Vertez
22%
Dezy
21%
FIT LOVERS
21%
Niekryty Krytyk
21%
PLKD
21%
TRENUJ Z KRZYCHEM
21%
WiP Bros.
21%
Jacob
20%
Jcob
20%
Lil Masti
20%
MagdalenaMariaMonika
20%
Z Dvpy
20%
Dawid Frank
19%
Marcin Malczynski
19%
ProstoTV
19%
Bladii
18%
Dla Pieniędzy
18%
AdBuster
17%
tvnpl
17%
DisStream
16%
RoxMb
16%
Ajgor Ignacy
15%
Disowskyy
15%
Historia bez cenzury
15%
Martin Stankiewicz
15%
smiechawaTV
15%
5-minutowe Sztuczki
14%
7 metrów pod ziemią
14%
dealereq
14%
Krzysztof Gonciarz
14%
Zuzanna Borucka
14%
Hejka tu Lenka
13%
Medusa Official
13%
Sheo
13%
Sitr0x
13%
SPInkafilmstudio
13%
ZeboPL
13%
Doknes
12%
Topowa Dycha
12%
WarszawskiKoks
12%
Dominik Rupiński
11%
GargamelVlog
11%
KaliGanjaMafia
11%
littlemooonster96
11%
Zapytaj Beczkę
11%
Cezary Pazura
10%
JASNA STRONA
10%
Smav
10%
Zajcu37
10%
G.F. Darwin
9%
GramPaula
9%
LJayPL
9%
Manoyek
9%
NewBadLabel
9%
NOLIF
9%
Abra
8%
BORCREW OFFICIAL
8%
czuuX
8%
Danny Ferreri
8%
Flothar
8%
GPlay: Minecraft Jest Nasz!
8%
MaturaToBzdura.TV
8%
mietczynski
8%
SciFun
8%
UrbanRecTv
8%
Ziemniak
8%
A co my tu mamy?
7%
AsfaltRecords
7%
Eleven
7%
Kacper Rietz
7%
REMBOL
7%
Reżyser Życia
7%
Stuu PLUS
7%
stylizacjeTV
7%
Sylwia Lipka
7%
That's Alien!
7%
AbstrachujePLUS
6%
Enzzi
6%
GilathissNew
6%
Kocham Gotować
6%
OMatkoiCórko!!!
6%
Polimaty
6%
SargeThePlayer
6%
SerafinTV
6%
TOP10Wszystkiego
6%
True Beauty is Internal
6%
TVGRYpl
6%
TVN Series
6%
WIŚNIA
6%
Adrianna Skon
5%
Klaudusiek
5%
Kuba Post
5%
Łączy nas piłka
5%
Magda Bereda
5%
Nanami Chan
5%
Ravgor
5%
SkyeN
5%
Sprawdzam Jak
5%
TheHogaty
5%
Urbex History
5%
vNARF
5%
Bremu
4%
Cypisolo
4%
Disco Polo Lajf
4%
Hadesiak
4%
iSuperMWK.
4%
JeżTritsus
4%
Kuba Klawiter
4%
LukasTV
4%
Luure
4%
Max Krasoń
4%
MinecraftLJay
4%
Żądny Przygód
4%
GlamPaulaTV
3%
Jeleniejaja
3%
KicksterTV
3%
KittyBella
3%
MagicRecordsPoland
3%
MaxFloRec TV
3%
Miłośnicy czterech kółek -zrób to sam
3%
Minecraft Vertez
3%
olsikowa
3%
Polish Sausage
3%
QBIK
3%
stoprocentTV
3%
szymeQ Minecraft
3%
The Friends
3%
TivoltGames
3%
TVP VOD
3%
CzyWieszJak
2%
JACK GADOVSKY
2%
Kinga Sawczuk
2%
KrólAlbaniiTV
2%
Lemon Records
2%
Margaret
2%
Neksu
2%
PNTCMZ Football
2%
Rafa i Ewela
2%
SŁAWOMIR gwiazda Rock Polo
2%
TheChwytak
2%
TVN Talent Show
2%
Yoczook
2%
Żabson To Ziomal
2%
Cyberpunk 2077
1%
Dem3000
1%
donGURALesko
1%
emce□
1%
Letni, Chamski Podryw (OFICJALNY PROFIL)
1%
Pawlikowe Fanduby
1%
Smakowite TV
1%

Rozkład punktacji

Percentyl według liczby udzielonych odpowiedzi

Procent ludzi z każdym wynikiem

Twoja historia wyników

Nie rozwiązałeś tego quizu